[Event "Skalica op-B"]
[Site "Skalica"]
[Date "2021.08.22"]
[Round "2"]
[White "Fizerova, Lucie"]
[Black "Rehacek, Jan"]
[Result "1-0"]
[WhiteElo "1700"]
[BlackElo "1268"]
[PlyCount "71"]
[EventDate "2021.08.21"]
[EventType "swiss"]
[EventRounds "9"]
[EventCountry "SVK"]
[SourceTitle "CBM 204 Extra"]
[Source "ChessBase"]
[SourceDate "2021.11.30"]
[SourceVersion "1"]
[SourceVersionDate "2021.11.30"]
[SourceQuality "1"]

1. c4 e5 2. Nc3 Nf6 3. g3 Nc6 4. Bg2 Be7 5. e3 0-0 6. Nge2 d6 7. 0-0 Bd7 8. f4 Be6 9. b3 Ng4 10. h3 Nh6 11. d4 exd4 12. exd4 Bd7 13. d5 Nb8 14. Bb2 c6 15. Ne4 Qc8 16. Qd4 f6 17. g4 c5 18. Qc3 Nxg4 19. hxg4 Bxg4 20. N2g3 Bh3 21. f5 Bxg2 22. Kxg2 Nd7 23. Nh5 Ne5 24. Qg3 Rf7 25. Bxe5 dxe5 26. Rad1 b6 27. Rd2 Qb7 28. Kh2 Kh8 29. Rg1 Rg8 30. Qh3 Qd7 31. Rdg2 Qd8 32. Kh1 h6 33. Rg6 Qf8 34. R1g2 Kh7 35. Nxg7 Rgxg7 36. Rxh6+ 1-0

[Event "Prague Golden op"]
[Site "Prague"]
[Date "2021.07.15"]
[Round "6"]
[White "Rehacek, Jan"]
[Black "Skopec, Lubos"]
[Result "0-1"]
[WhiteElo "1311"]
[BlackElo "1873"]
[PlyCount "54"]
[EventDate "2021.07.10"]
[EventType "swiss"]
[EventRounds "9"]
[EventCountry "CZE"]
[SourceTitle "CBM 203 Extra"]
[Source "ChessBase"]
[SourceDate "2021.09.30"]
[SourceVersion "1"]
[SourceVersionDate "2021.09.30"]
[SourceQuality "1"]

1. d4 Nf6 2. Nf3 e6 3. Bf4 d5 4. e3 Nbd7 5. a3 c5 6. Nc3 a6 7. Be2 cxd4 8. exd4 Be7 9. 0-0 b5 10. Qd2 Bb7 11. Bd3 0-0 12. Rfe1 Nb6 13. Ne2 Nc4 14. Bxc4 Ne4 15. Qc1 dxc4 16. c3 Qd5 17. Ng3 f5 18. Qe3 g5 19. Nxe4 gxf4 20. Qxf4 fxe4 21. Qg4+ Kh8 22. Ne5 Rf5 23. Re3 Rg8 24. Qh3 Bd6 25. Ng4 Rh5 26. Nf6 Rxh3 27. Rxh3 Qf5 0-1

[Event "Prague Golden op"]
[Site "Prague"]
[Date "2021.07.11"]
[Round "2"]
[White "Beinhauer, Bernard"]
[Black "Rehacek, Jan"]
[Result "1-0"]
[WhiteElo "1499"]
[BlackElo "1311"]
[PlyCount "44"]
[EventDate "2021.07.10"]
[EventType "swiss"]
[EventRounds "9"]
[EventCountry "CZE"]
[SourceTitle "CBM 203 Extra"]
[Source "ChessBase"]
[SourceDate "2021.09.30"]
[SourceVersion "1"]
[SourceVersionDate "2021.09.30"]
[SourceQuality "1"]

1. e4 e5 2. Nf3 Nf6 3. Nc3 Bb4 4. Nxe5 Bxc3 5. dxc3 d6 6. Nd3 Nxe4 7. Be2 0-0 8. 0-0 Nc6 9. Nf4 Re8 10. Re1 b6 11. Bf3 Nxf2 12. Rxe8+ Qxe8 13. Kxf2 Bb7 14. Nd5 Qd7 15. Nb4 Rb8 16. Nxc6 Bxc6 17. Bxc6 Qxc6 18. Qf3 Qb5 19. Qd3 Qe5 20. g3 Re8 21. Bd2 Qh5 22. h4 Re2+ 1-0